000 00886cab a2200241 4500
001 ABS57488
008 090401t1997 xxu||||| |||| 00| 0 eng d
035 _a(Sirsi) u80272
041 _aeng
100 _aMacDonald, R
245 _aAnchors away
260 _c1997
350 _a0
490 _aSolicitors` Journal
_v141(31) 8 August 1997, 771(1)
520 _aLooks at the practical consequences for landlords of the decision in "Co-operative Insurance Society Ltd v Argyll Stores (Holdings) Ltd" (HL ABS54576) and at what steps a landlord can take, when dealing with new developments or new lettings of existing stores, to protect their interests.
650 _aKEEP OPEN COVENANTS
650 _aLEASES
650 _aMUTUALLY ENFORCEABLE COVENANTS
650 _aRIGHT TO ENTER
690 _aLANDLORD AND TENANT-BUSINESS TENANCIES
942 _n0
948 _c14/08/1997
999 _c50537
_d50537